[Event "SR 2. liga A 2011/2012"]
[Site "?"]
[Date "2011.10.08"]
[Round "2.5"]
[White "Stetina, Erik"]
[Black "Goga, Frantisek"]
[Result "1-0"]
[WhiteElo "2042"]
[BlackElo "1989"]
[PlyCount "118"]
[EventDate "2011.??.??"]
[WhiteTeam "Slovakia"]
[BlackTeam "Slovakia"]
[WhiteTeamCountry "SVK"]
[BlackTeamCountry "SVK"]

1. e4 c5 2. Nf3 d6 3. d4 cxd4 4. c3 d3 5. Bxd3 Nc6 6. O-O Bg4 7. Bc4 e6 8. Bf4
Nf6 9. Qe2 Be7 10. Na3 a6 11. Rad1 Qc7 12. Bb3 Nh5 13. Qe3 Nxf4 14. Qxf4 Bxf3
15. Qxf3 O-O 16. Nc4 Na5 17. Ne3 Nxb3 18. axb3 Qb6 19. b4 Qb5 20. Rd4 a5 21.
Rfd1 Rfc8 22. Nc2 Qg5 23. Qd3 h5 24. Ne3 Rd8 25. g3 axb4 26. Rxb4 d5 27. Rxb7
dxe4 28. Qxe4 Rxd1+ 29. Nxd1 Ra1 30. Rd7 h4 31. Kg2 h3+ 32. Kf3 Qf6+ 33. Qf4
Qg6 34. Ne3 Bg5 35. Qg4 Bxe3 36. Qxg6 fxg6 37. fxe3 Rh1 38. Rd2 Rg1 39. Rc2 g5
40. g4 Kf7 41. c4 Ke7 42. c5 Kd7 43. c6+ Kc7 44. b4 Rb1 45. Rc5 Rxb4 46. Re5
Kxc6 47. Rxe6+ Kd7 48. Re5 Rb2 49. Kg3 Kd6 50. Rxg5 Re2 51. Rxg7 Rxe3+ 52. Kh4
Ke6 53. Rg5 Kf6 54. Rf5+ Kg6 55. Rf1 Ra3 56. Rg1 Ra8 57. Kxh3 Kg5 58. Rg3 Ra4
59. Rb3 Ra5 1-0

[Event "SR 2. liga A 2011/2012"]
[Site "?"]
[Date "2011.10.08"]
[Round "2.6"]
[White "Jelenciak, Jozef"]
[Black "Krist, Milan"]
[Result "1/2-1/2"]
[WhiteElo "1942"]
[BlackElo "1990"]
[PlyCount "84"]
[EventDate "2011.??.??"]
[WhiteTeam "Slovakia"]
[BlackTeam "Slovakia"]
[WhiteTeamCountry "SVK"]
[BlackTeamCountry "SVK"]

1. e4 e6 2. d4 d5 3. Nd2 c5 4. c3 cxd4 5. cxd4 Nc6 6. Ngf3 dxe4 7. Nxe4 Bb4+ 8.
Bd2 Be7 9. Bc3 Nf6 10. Bd3 O-O 11. O-O Nd5 12. Rc1 Bd7 13. Bb1 Rc8 14. Qd3 g6
15. Bd2 f5 16. Nc5 b6 17. Nxd7 Qxd7 18. a3 Bf6 19. Ba2 Rfe8 20. Rfe1 Rcd8 21.
Bc4 Nc7 22. Bf4 Nd5 23. Be5 Bxe5 24. dxe5 Nc7 25. Qe2 Na5 26. Red1 Qe7 27. Ba2
Rxd1+ 28. Qxd1 Rd8 29. Qc2 Rd7 30. h4 h6 31. b4 Nb7 32. Bb3 Nd8 33. Qc4 b5 34.
Qf4 Kg7 35. Qe3 Nd5 36. Qc5 Qxc5 37. Rxc5 a6 38. Nd4 Nxb4 39. Nxb5 Nd3 40. Rc7
Rxc7 41. Nxc7 a5 42. Bxe6 Nxe5 1/2-1/2

[Event "SR 2. liga A 2011/2012"]
[Site "?"]
[Date "2011.10.08"]
[Round "2.7"]
[White "Halas, Miroslav"]
[Black "Farkas, Vladimir"]
[Result "0-1"]
[WhiteElo "1946"]
[BlackElo "1918"]
[PlyCount "158"]
[EventDate "2011.??.??"]
[WhiteTeam "Slovakia"]
[BlackTeam "Slovakia"]
[WhiteTeamCountry "SVK"]
[BlackTeamCountry "SVK"]

1. e4 d6 2. d4 g6 3. f4 Bg7 4. Nf3 Nf6 5. Nc3 O-O 6. Bd3 e6 7. O-O c5 8. dxc5
dxc5 9. e5 Nd5 10. Ne4 Qc7 11. c4 Ne7 12. Be3 Na6 13. Nd6 Bd7 14. Ng5 Nf5 15.
Bxf5 exf5 16. Ndxf7 Rxf7 17. e6 Bxe6 18. Nxe6 Qe7 19. Qd5 Re8 20. Ng5 Qxe3+ 21.
Kh1 Ree7 22. Nxf7 Rxf7 23. Rfe1 Qd4 24. Re8+ Bf8 25. Qe6 Nc7 26. Rxf8+ Kxf8 27.
Qc8+ Kg7 28. Qxb7 Ne6 29. Qb3 Nxf4 30. Rd1 Qe5 31. h3 Re7 32. Qc2 Ne2 33. Qd2
Ng3+ 34. Kg1 Ne4 35. Qc2 Qg3 36. a3 Qe3+ 37. Kh2 Qf4+ 38. Kg1 Ng3 39. Qc3+ Kf7
40. Qd3 Ne2+ 41. Kh1 Qf2 42. b4 Qd4 43. Qb3 Qe5 44. Qd3 Nf4 45. Qc2 Qc7 46. Qf2
cxb4 47. axb4 Qxc4 48. Rd4 Qc1+ 49. Kh2 Ne2 50. Rh4 Qc7+ 51. Kh1 Kg7 52. b5 Qb6
53. Qe1 Qxb5 54. Rb4 Qe5 55. Rb3 a5 56. Ra3 Nf4 57. Qxa5 Qe1+ 58. Kh2 Nxg2 59.
Qd5 Nf4 60. Qd4+ Qe5 61. Ra4 Qxd4 62. Rxd4 g5 63. h4 h6 64. hxg5 hxg5 65. Rd6
Re6 66. Rd7+ Kf6 67. Kg3 Re3+ 68. Kf2 Ra3 69. Rd6+ Ke5 70. Rd8 Nh3+ 71. Kg2 g4
72. Rb8 Re3 73. Rb5+ Kf4 74. Rb4+ Re4 75. Rb2 Ng5 76. Rf2+ Ke5 77. Kg3 Re3+ 78.
Kh4 Kf6 79. Rh2 Nf3+ 0-1

[Event "SR 2. liga A 2011/2012"]
[Site "?"]
[Date "2011.10.08"]
[Round "2.8"]
[White "Henc, Marian"]
[Black "Hagara, Vladimir"]
[Result "1-0"]
[WhiteElo "1885"]
[BlackElo "1927"]
[PlyCount "101"]
[EventDate "2011.??.??"]
[WhiteTeam "Slovakia"]
[BlackTeam "Slovakia"]
[WhiteTeamCountry "SVK"]
[BlackTeamCountry "SVK"]

1. c4 Nf6 2. Nf3 g6 3. g3 Bg7 4. Bg2 c5 5. d3 Nc6 6. Na3 d6 7. O-O O-O 8. Nc2
Rb8 9. a3 a5 10. Rb1 b5 11. cxb5 Rxb5 12. Ne3 Bd7 13. Nd2 Nd4 14. Ndc4 a4 15.
Bd2 Nb3 16. Bc3 Qc7 17. Bxf6 exf6 18. Nd5 Qb8 19. Nc3 Rb7 20. Bxb7 Qxb7 21.
Nxd6 Qc6 22. Nde4 Bh3 23. f3 f5 24. Nd2 Bd4+ 25. Rf2 Rb8 26. Nxb3 Rxb3 27. Qc1
Bxf2+ 28. Kxf2 Qd7 29. Qf4 h5 30. Nxa4 Qa7 31. Qc4 Qb8 32. Rc1 f4 33. Qxf4 Qe8
34. Rc2 c4 35. Qxc4 Be6 36. Qe4 Qb8 37. Qd4 Rb5 38. Nc5 Bh3 39. Ne4 Kh7 40. Nd6
Rb6 41. Nxf7 Kg8 42. Ng5 Be6 43. Nxe6 Rxe6 44. Qd5 Qb6+ 45. d4 Kf7 46. b4 Kf6
47. h4 Rd6 48. Qc5 Qd8 49. Qe5+ Kf7 50. e3 Rd7 51. Rc6 1-0

[Event "SR 2. liga A 2011/2012"]
[Site "?"]
[Date "2011.10.08"]
[Round "3.1"]
[White "Kundrik, Peter"]
[Black "Petreje, Juraj"]
[Result "1-0"]
[WhiteElo "2260"]
[BlackElo "2175"]
[PlyCount "69"]
[EventDate "2011.??.??"]
[WhiteTeam "Slovakia"]
[BlackTeam "Slovakia"]
[WhiteTeamCountry "SVK"]
[BlackTeamCountry "SVK"]

1. e4 c5 2. Nf3 Nc6 3. c3 e6 4. Bd3 Nge7 5. O-O Ng6 6. Re1 Be7 7. Bc2 O-O 8. d4
d6 9. Nbd2 cxd4 10. Nxd4 Qc7 11. Nxc6 bxc6 12. Nf3 Bb7 13. Nd4 Rfd8 14. f4 e5
15. f5 Nf8 16. Ne2 d5 17. Ng3 Nd7 18. exd5 cxd5 19. f6 Bxf6 20. Qg4 e4 21. Nh5
Qb6+ 22. Be3 Qe6 23. Nxf6+ Nxf6 24. Qg3 Qg4 25. Qf2 Rd6 26. Bb3 Nh5 27. Bd1 Qg6
28. Bd4 Re8 29. Re3 Bc8 30. Qh4 Nf6 31. Rg3 Qf5 32. Ba4 e3 33. Bxe8 Nxe8 34.
Rxe3 Be6 35. Qe7 1-0

[Event "SR 2. liga A 2011/2012"]
[Site "?"]
[Date "2011.10.08"]
[Round "3.2"]
[White "Bronis, Marian"]
[Black "Blatnicky, Miroslav"]
[Result "1-0"]
[WhiteElo "2160"]
[BlackElo "2130"]
[PlyCount "51"]
[EventDate "2011.??.??"]
[WhiteTeam "Slovakia"]
[BlackTeam "Slovakia"]
[WhiteTeamCountry "SVK"]
[BlackTeamCountry "SVK"]

1. d4 e6 2. c4 d5 3. Nf3 Nf6 4. g3 dxc4 5. Qa4+ Nbd7 6. Qxc4 Nb6 7. Qc2 Bd7 8.
Bg2 Rc8 9. O-O c5 10. Nc3 Nbd5 11. Bg5 Nxc3 12. bxc3 h6 13. Bxf6 gxf6 14. d5
exd5 15. Nh4 Be6 16. Rad1 Qd7 17. Bxd5 Bxd5 18. c4 Bg7 19. Rxd5 Qc6 20. Nf5 Kf8
21. Rfd1 Re8 22. Rd8 Rg8 23. R1d6 Qc7 24. Rxe8+ Kxe8 25. Qe4+ Kf8 26. Qxb7 1-0

[Event "SR 2. liga A 2011/2012"]
[Site "?"]
[Date "2011.10.08"]
[Round "3.3"]
[White "Matulik, Daniel"]
[Black "Biro, Karol"]
[Result "1/2-1/2"]
[WhiteElo "2132"]
[BlackElo "2158"]
[PlyCount "145"]
[EventDate "2011.??.??"]
[WhiteTeam "Slovakia"]
[BlackTeam "Slovakia"]
[WhiteTeamCountry "SVK"]
[BlackTeamCountry "SVK"]

1. d4 d6 2. Nf3 Nf6 3. g3 c6 4. Bg2 g6 5. O-O Bg7 6. c4 O-O 7. Nc3 Bf5 8. Re1
Ne4 9. Nxe4 Bxe4 10. e3 Nd7 11. b3 b5 12. cxb5 cxb5 13. Bd2 a5 14. Qe2 Qb6 15.
Nh4 Bxg2 16. Nxg2 e6 17. Rec1 Nf6 18. Rc2 Rfc8 19. Rac1 Rxc2 20. Rxc2 d5 21. f3
Bf8 22. Ne1 Ne8 23. Nd3 Nd6 24. Ne5 Qb7 25. Qe1 a4 26. Qc1 axb3 27. axb3 Qa6
28. Nd7 Nf5 29. Nxf8 Kxf8 30. Kf2 Ke8 31. Rc6 Qa2 32. Qc2 Qxc2 33. Rxc2 Kd7 34.
Rc5 Nd6 35. Rc2 Ra3 36. Rb2 Ra1 37. Bb4 h5 38. Bxd6 Kxd6 39. Ke2 f6 40. Kd3 b4
41. e4 g5 42. Ke3 Re1+ 43. Kf2 Rd1 44. Ke3 Re1+ 45. Kf2 Rd1 46. Ke3 Rc1 47. Rd2
Rb1 48. Rd3 g4 49. fxg4 hxg4 50. Kf4 dxe4 51. Kxe4 f5+ 52. Kf4 Kd5 53. Re3 Rb2
54. Re5+ Kd6 55. Kg5 Rxb3 56. Kf6 Rf3 57. Rxe6+ Kd5 58. Rb6 b3 59. Rb4 Ke4 60.
Ke6 Kd3 61. d5 Kc3 62. Rb8 f4 63. gxf4 Rxf4 64. d6 Re4+ 65. Kf5 Rd4 66. Ke6 b2
67. d7 Kc2 68. Ke7 b1=Q 69. Rxb1 Kxb1 70. d8=Q Rxd8 71. Kxd8 Kc2 72. Ke7 Kd3
73. Kf6 1/2-1/2

[Event "SR 2. liga A 2011/2012"]
[Site "?"]
[Date "2011.10.08"]
[Round "3.4"]
[White "Dolnak, Michal"]
[Black "Mihalik, Marek"]
[Result "1-0"]
[WhiteElo "2098"]
[BlackElo "2026"]
[PlyCount "53"]
[EventDate "2011.??.??"]
[WhiteTeam "Slovakia"]
[BlackTeam "Slovakia"]
[WhiteTeamCountry "SVK"]
[BlackTeamCountry "SVK"]

1. d4 Nf6 2. c4 e6 3. g3 Bb4+ 4. Bd2 c5 5. Bxb4 cxb4 6. Nf3 O-O 7. Bg2 d6 8.
O-O Qc7 9. Nbd2 e5 10. Rc1 Nc6 11. Nb3 Re8 12. e3 Bg4 13. h3 Bd7 14. c5 d5 15.
dxe5 Nxe5 16. Nbd4 Ne4 17. Qb3 Nc4 18. Qxb4 a5 19. Qb3 Nxc5 20. Qc2 b6 21. Ng5
h6 22. Qh7+ Kf8 23. Nxf7 Bxh3 24. Nxh6 Bxg2 25. Kxg2 Qe5 26. Qg8+ Ke7 27. Qf7+
1-0

[Event "SR 2. liga A 2011/2012"]
[Site "?"]
[Date "2011.10.08"]
[Round "3.5"]
[White "Manak, Jozef"]
[Black "Kebis, Milos"]
[Result "0-1"]
[WhiteElo "2053"]
[BlackElo "2008"]
[PlyCount "56"]
[EventDate "2011.??.??"]
[WhiteTeam "Slovakia"]
[BlackTeam "Slovakia"]
[WhiteTeamCountry "SVK"]
[BlackTeamCountry "SVK"]

1. e4 g6 2. Nf3 Bg7 3. Bc4 c6 4. Nc3 e6 5. e5 d5 6. exd6 Qxd6 7. O-O Nf6 8. Re1
O-O 9. d4 b5 10. Bd3 b4 11. Ne2 Nbd7 12. Bf4 Qe7 13. Bg5 Bb7 14. Ne5 c5 15. Bc4
cxd4 16. Nxf7 Rxf7 17. Nxd4 Qc5 18. Bxe6 Qxg5 19. Bxf7+ Kxf7 20. f3 Re8 21. Qd3
Ne5 22. Qf1 Nd5 23. Rad1 h5 24. Qb5 Re7 25. Kh1 h4 26. Ne2 Ne3 27. Rg1 h3 28.
Ng3 hxg2+ 0-1

[Event "SR 2. liga A 2011/2012"]
[Site "?"]
[Date "2011.10.08"]
[Round "3.6"]
[White "Mandak, Miroslav"]
[Black "Stepanovic, Branislav"]
[Result "1-0"]
[WhiteElo "2003"]
[BlackElo "1995"]
[PlyCount "105"]
[EventDate "2011.??.??"]
[WhiteTeam "Slovakia"]
[BlackTeam "Slovakia"]
[WhiteTeamCountry "SVK"]
[BlackTeamCountry "SVK"]

1. Nf3 c5 2. c4 Nf6 3. d4 cxd4 4. Nxd4 Nc6 5. Nc3 d6 6. g3 g6 7. Bg2 Bd7 8. Nc2
Bg7 9. O-O Rc8 10. Bd2 Be6 11. Ne3 O-O 12. Rb1 Qd7 13. Re1 Bh3 14. b3 Bxg2 15.
Nxg2 h6 16. e4 g5 17. f4 Qh3 18. Ne3 gxf4 19. gxf4 Nd4 20. Rf1 h5 21. Rf2 Ng4
22. Nxg4 hxg4 23. Ne2 Nf3+ 24. Kh1 Rc5 25. f5 Be5 26. Ng1 Nxg1 27. Qxg1 Bd4 28.
Qg2 Bxf2 29. Qxf2 Qf3+ 30. Qxf3 gxf3 31. Rg1+ Kh7 32. Rg3 Rg8 33. Rh3+ Kg7 34.
Rg3+ Kf8 35. Bh6+ Ke8 36. Rxg8+ Kd7 37. Kg1 b5 38. Be3 Re5 39. cxb5 Rxe4 40.
Bxa7 Re5 41. a4 Rxf5 42. Kf2 e5 43. Rg1 Rh5 44. Kxf3 Rxh2 45. Rg2 Rh1 46. Bg1
d5 47. Rg7 Ke6 48. a5 Rh3+ 49. Kg2 Rxb3 50. b6 Rb2+ 51. Kh1 Kf6 52. Rg2 Rb3 53.
a6 1-0

[Event "SR 2. liga A 2011/2012"]
[Site "?"]
[Date "2011.10.08"]
[Round "3.7"]
[White "Mihalik, Anton"]
[Black "Povysil, Peter"]
[Result "0-1"]
[WhiteElo "1965"]
[BlackElo "1990"]
[PlyCount "60"]
[EventDate "2011.??.??"]
[WhiteTeam "Slovakia"]
[BlackTeam "Slovakia"]
[WhiteTeamCountry "SVK"]
[BlackTeamCountry "SVK"]

1. c4 {0} Nf6 2. Nc3 c5 3. g3 Nc6 4. Bg2 e6 5. Nf3 d5 6. cxd5 exd5 7. d4 Be6 8.
Bg5 Be7 9. O-O h6 10. Bf4 O-O 11. Rc1 Rc8 12. Qa4 a6 13. a3 Qb6 14. dxc5 Bxc5
15. Nd1 Ne4 16. b4 Be7 17. Nc3 Nxc3 18. Rxc3 Nd4 19. Re3 Nc2 20. Rd3 d4 21. Nd2
Bf5 22. Be4 Bxe4 23. Nxe4 Qe6 24. Nc5 Bxc5 25. bxc5 Rxc5 26. e3 Rc4 27. Qb3 g5
28. Rc1 Rfc8 29. Rd2 gxf4 30. Rdxc2 Rxc2 0-1

[Event "SR 2. liga A 2011/2012"]
[Site "?"]
[Date "2011.10.08"]
[Round "3.8"]
[White "Mikulasek, Viktor"]
[Black "Nemsak, Denis"]
[Result "1-0"]
[WhiteElo "1871"]
[BlackElo "1916"]
[PlyCount "105"]
[EventDate "2011.??.??"]
[WhiteTeam "Slovakia"]
[BlackTeam "Slovakia"]
[WhiteTeamCountry "SVK"]
[BlackTeamCountry "SVK"]

1. e4 d5 2. exd5 Nf6 3. c4 e6 4. dxe6 Bxe6 5. a3 Nc6 6. Nc3 Bc5 7. h3 Qe7 8.
Nf3 Bxc4+ 9. Be2 O-O-O 10. O-O Bxe2 11. Nxe2 Rhe8 12. Nc3 Qd6 13. Qc2 Nd4 14.
Nxd4 Qxd4 15. Rb1 Ne4 16. Nxe4 Rxe4 17. b4 Bb6 18. Bb2 Qd3 19. Qxd3 Rxd3 20.
Bc3 Re2 21. Rbe1 Rxe1 22. Rxe1 Bd4 23. Rc1 Bxc3 24. dxc3 Rd2 25. a4 a5 26. Ra1
Rb2 27. bxa5 Rb3 28. Re1 Kd7 29. Rd1+ Kc6 30. Re1 Rxc3 31. Re7 f5 32. Rxg7 Rc5
33. Rxh7 Rxa5 34. Rh4 Kd5 35. Rb4 c5 36. Rf4 Ke5 37. g3 Ra8 38. Kf1 Rc8 39. Ke2
c4 40. Kd2 Rc5 41. Kc3 b5 42. axb5 Rxb5 43. Kxc4 Ra5 44. Kd3 Ra3+ 45. Ke2 Ra2+
46. Kf3 Ra3+ 47. Kg2 Rd3 48. Ra4 Kf6 49. h4 Kg6 50. Ra6+ Kh5 51. Rf6 Rd5 52. f3
Ra5 53. Kh3 1-0

[Event "SR 2. liga A 2011/2012"]
[Site "?"]
[Date "2011.10.08"]
[Round "4.1"]
[White "Jablonicky, Frantisek"]
[Black "Varga, David"]
[Result "0-1"]
[WhiteElo "2187"]
[BlackElo "2355"]
[PlyCount "116"]
[EventDate "2011.??.??"]
[WhiteTeam "Slovakia"]
[BlackTeam "Slovakia"]
[WhiteTeamCountry "SVK"]
[BlackTeamCountry "SVK"]

1. Nf3 Nf6 2. d4 d5 3. c4 c6 4. Qc2 g6 5. g3 Bg7 6. Bg2 Nbd7 7. O-O O-O 8. cxd5
cxd5 9. Bg5 Qa5 10. Nbd2 b6 11. Ne5 Nxe5 12. dxe5 Bf5 13. Qc7 Nh5 14. Nb3 Qa4
15. Be3 e6 16. Rfc1 Qa6 17. Nd4 Rfc8 18. Qe7 Bxe5 19. Nxf5 gxf5 20. Bxd5 Bf6
21. Qb7 Rxc1+ 22. Rxc1 Qxb7 23. Bxb7 Rb8 24. Bf3 Ng7 25. b4 Ne8 26. Bc6 Nd6 27.
Bd7 Rb7 28. Bc8 Nxc8 29. Rxc8+ Kg7 30. b5 Rd7 31. f4 Rd1+ 32. Kf2 Ra1 33. Rc2
h5 34. Bc1 Rb1 35. Rc7 Ra1 36. Rc2 Kf8 37. Ba3+ Ke8 38. Bd6 Kd7 39. Bb8 Bd4+
40. e3 Bc5 41. Be5 Rb1 42. Rb2 Rxb2+ 43. Bxb2 Kd6 44. Ke2 Kd5 45. Kd3 Be7 46.
a4 f6 47. a5 bxa5 48. Bd4 e5 49. fxe5 fxe5 50. Bxa7 e4+ 51. Kc3 Bc5 52. Bb8
Bxe3 53. Bc7 Bf2 54. Kb3 Be1 55. Bb6 Bb4 56. Bf2 Bd2 57. Bb6 e3 58. Kc2 Kc4 0-1

[Event "SR 2. liga A 2011/2012"]
[Site "?"]
[Date "2011.10.08"]
[Round "4.2"]
[White "Rachela, Jozef"]
[Black "Sekera, Branislav"]
[Result "1-0"]
[WhiteElo "2087"]
[BlackElo "2151"]
[PlyCount "75"]
[EventDate "2011.??.??"]
[WhiteTeam "Slovakia"]
[BlackTeam "Slovakia"]
[WhiteTeamCountry "SVK"]
[BlackTeamCountry "SVK"]

1. d4 d5 2. Nf3 Nf6 3. c4 e6 4. g3 Be7 5. Bg2 O-O 6. cxd5 exd5 7. O-O c6 8. Nc3
Re8 9. Qc2 Nbd7 10. a3 Nf8 11. Ne5 Ng6 12. Nxg6 hxg6 13. Bg5 Bd6 14. e4 dxe4
15. Nxe4 Bf5 16. Rfe1 Be7 17. Bxf6 Bxf6 18. Nxf6+ Qxf6 19. Qc5 Be6 20. Re5 Red8
21. Rae1 Rd7 22. h4 Qd8 23. Be4 Rxd4 24. Bxg6 Rd1 25. Qe3 Rxe1+ 26. Qxe1 Qf6
27. Bc2 Rd8 28. Qe3 b6 29. f4 c5 30. h5 Kf8 31. b4 cxb4 32. axb4 Rd5 33. Ba4
Rxe5 34. fxe5 Qd8 35. Qe4 a5 36. bxa5 bxa5 37. Qe3 Qd5 38. h6 1-0

[Event "SR 2. liga A 2011/2012"]
[Site "?"]
[Date "2011.10.08"]
[Round "4.3"]
[White "Kozinka, Roman"]
[Black "Lesny, Stefan"]
[Result "0-1"]
[WhiteElo "2056"]
[BlackElo "2074"]
[PlyCount "154"]
[EventDate "2011.??.??"]
[WhiteTeam "Slovakia"]
[BlackTeam "Slovakia"]
[WhiteTeamCountry "SVK"]
[BlackTeamCountry "SVK"]

1. c4 e6 2. Nf3 d5 3. d4 c6 4. Qc2 f5 5. Bg5 Nf6 6. e3 Be7 7. Bxf6 Bxf6 8. cxd5
exd5 9. Bd3 g6 10. Nbd2 Be6 11. h4 Nd7 12. g3 Qe7 13. a3 Nb6 14. b4 Nc8 15. Nb3
Nd6 16. Nc5 Nc4 17. a4 Bf7 18. a5 Rd8 19. Be2 h5 20. Ra2 O-O 21. O-O Rfe8 22.
Kg2 Nd6 23. Nd3 Nc4 24. Rb1 a6 25. Nc5 Nd6 26. Ra3 Ra8 27. Na4 Nb5 28. Bxb5
axb5 29. Nc5 Rec8 30. Rc1 Be8 31. Kh3 Ra7 32. Qc3 Kf8 33. Ne5 Kg7 34. f4 Kh7
35. Kg2 Bg7 36. Kf2 Bf6 37. Kf3 Bg7 38. Ra2 Bf6 39. Qa1 Rca8 40. Qc3 Rc8 41.
Ncd3 Kg7 42. Qc5 Qxc5 43. bxc5 Ra6 44. Nb4 Bxe5 45. fxe5 Bd7 46. Kf4 Kh6 47. e6
Bxe6 48. Ke5 Bd7 49. Kd6 Be8 50. Rf2 Ra7 51. Ra1 Kg7 52. Ke5 Kf7 53. g4 hxg4
54. h5 Kg7 55. Rh1 Rxa5 56. Nd3 Ra3 57. h6+ Kh7 58. Nf4 Rxe3+ 59. Kf6 Rc7 60.
Kg5 Rce7 61. Ra1 R3e4 62. Kf6 Rf7+ 63. Kg5 Rd7 64. Ra8 Bf7 65. Ne2 g3 66. Rg2
Rg4+ 67. Kf6 f4 68. Ng1 Bg8 69. Nf3 Rf7+ 70. Ke5 Rf5+ 71. Kd6 Bf7 72. Rf8 Kxh6
73. Ke7 Be6 74. Rd8 Bf7 75. Ra2 g2 76. Rf8 Kg7 77. Rfa8 g1=Q 0-1

[Event "SR 2. liga A 2011/2012"]
[Site "?"]
[Date "2011.11.06"]
[Round "4.4"]
[White "Merva, Frantisek"]
[Black "Hecko, Dusan"]
[Result "1/2-1/2"]
[WhiteElo "2047"]
[BlackElo "2123"]
[Annotator "Hecko"]
[PlyCount "56"]
[EventDate "2011.??.??"]
[WhiteTeam "Slovakia"]
[BlackTeam "Slovakia"]
[WhiteTeamCountry "SVK"]
[BlackTeamCountry "SVK"]

{A55: Old Indian Defence with Nf3 and e4} 1. d4 Nf6 2. Nf3 d6 3. c4 Nbd7 4. Nc3
e5 5. e4 Be7 6. Be2 O-O 7. Bg5 {Novinka} (7. O-O $5 $16) 7... Re8 (7... exd4 8.
Qxd4 Nc5 9. Bf4 $15) 8. O-O c6 (8... exd4 9. Qxd4 Nc5 10. Rfe1 $15) 9. Qd2 Qc7
10. Bh4 Nf8 11. h3 Ng6 12. Bg3 Bd7 (12... Nh5 $5 $11) 13. Rfe1 Rad8 14. Rad1
Bf8 15. Bf1 (15. c5 Nh5 16. cxd6 Bxd6 17. dxe5 Bxe5 18. Bxe5 Nxe5 $16 19. Nxe5
Qxe5) 15... Bc8 16. Qc2 Nh5 17. Bh2 Nhf4 18. a3 Be7 19. Ne2 Nxe2+ 20. Rxe2 Bf6
21. Red2 Qe7 22. dxe5 dxe5 23. Rxd8 Rxd8 24. Rxd8+ Qxd8 25. Qc3 Qe7 26. c5 h6
27. b4 a6 28. Bg3 Bd7 1/2-1/2

[Event "SR 2. liga A 2011/2012"]
[Site "?"]
[Date "2011.10.08"]
[Round "4.4"]
[White "Takacs, Laszlo"]
[Black "Lukac, Tomas"]
[Result "1/2-1/2"]
[WhiteElo "1976"]
[BlackElo "2009"]
[PlyCount "86"]
[EventDate "2011.??.??"]
[WhiteTeam "Slovakia"]
[BlackTeam "Slovakia"]
[WhiteTeamCountry "SVK"]
[BlackTeamCountry "SVK"]

1. e4 e5 2. Nf3 Nc6 3. Bb5 Nf6 4. O-O Nxe4 5. Re1 Nd6 6. Nxe5 Be7 7. Ba4 O-O 8.
d4 Nf5 9. c3 Nxe5 10. Rxe5 d6 11. Re1 d5 12. Nd2 Bd6 13. Nf3 Nh4 14. Ne5 Ng6
15. Qh5 Qh4 16. Qxh4 Nxh4 17. Bg5 Nf5 18. Nd7 Bxd7 19. Bxd7 h6 20. Bd2 Nh4 21.
Re2 Rfd8 22. Ba4 Kf8 23. Rae1 c6 24. Bd1 Re8 25. Rxe8+ Rxe8 26. Rxe8+ Kxe8 27.
g3 Ng6 28. Bg4 Ne7 29. Kg2 f5 30. Bd1 Kf7 31. Be2 Kf6 32. h4 g5 33. hxg5+ hxg5
34. b3 b5 35. Bd3 Bc7 36. Kf3 g4+ 37. Ke2 Ba5 38. Kd1 Ng6 39. Kc2 Bc7 40. Bc1
f4 41. gxf4 Nxf4 42. Bf1 Kf5 43. Bxf4 Bxf4 1/2-1/2

[Event "SR 2. liga A 2011/2012"]
[Site "?"]
[Date "2011.10.08"]
[Round "4.5"]
[White "Kavon, Rastislav"]
[Black "Obdrzalkova, Anita"]
[Result "1-0"]
[WhiteElo "1879"]
[BlackElo "1994"]
[PlyCount "101"]
[EventDate "2011.??.??"]
[WhiteTeam "Slovakia"]
[BlackTeam "Slovakia"]
[WhiteTeamCountry "SVK"]
[BlackTeamCountry "SVK"]

1. e4 c5 2. Nf3 d6 3. d4 cxd4 4. Nxd4 Nf6 5. Nc3 a6 6. Be3 e5 7. Nb3 Be6 8. f3
Be7 9. Qd2 O-O 10. O-O-O b5 11. g4 Nbd7 12. Kb1 Nb6 13. h4 b4 14. Bxb6 Qxb6 15.
Nd5 Nxd5 16. exd5 Bd7 17. Bd3 a5 18. Qe2 a4 19. Nd2 Qb7 20. Ne4 b3 21. cxb3
axb3 22. a3 Rab8 23. g5 Bb5 24. Rhg1 Bxd3+ 25. Qxd3 g6 26. Rc1 Rfc8 27. Rc3
Rxc3 28. Nxc3 Qc8 29. Qe4 Qf5 30. h5 Qxe4+ 31. Nxe4 gxh5 32. Rh1 Rc8 33. Rxh5
Kg7 34. Rh1 Rc2 35. Rc1 Rg2 36. a4 Bd8 37. Nxd6 Bxg5 38. Rd1 h5 39. a5 h4 40.
Nf5+ Kf6 41. a6 h3 42. a7 h2 43. a8=Q Rg1 44. Qh8+ Kxf5 45. Qh3+ Kg6 46. Rf1
Bf4 47. d6 Rxf1+ 48. Qxf1 Kf6 49. Qh3 e4 50. fxe4 Bxd6 51. Kc1 1-0

[Event "SR 2. liga A 2011/2012"]
[Site "?"]
[Date "2011.10.08"]
[Round "4.6"]
[White "Merva, Frantisek"]
[Black "Lopatievov, Alexander"]
[Result "1-0"]
[WhiteElo "2047"]
[BlackElo "1925"]
[PlyCount "129"]
[EventDate "2011.??.??"]
[WhiteTeam "Slovakia"]
[BlackTeam "Slovakia"]
[WhiteTeamCountry "SVK"]
[BlackTeamCountry "SVK"]

1. d4 d5 2. Nf3 Nf6 3. g3 e6 4. Bg2 c5 5. O-O Nc6 6. a3 a5 7. dxc5 Bxc5 8. c4
Qc7 9. cxd5 Nxd5 10. e4 Nf6 11. Nc3 O-O 12. Bg5 Rd8 13. Qc2 Nd4 14. Nxd4 Bxd4
15. Rac1 h6 16. Bxf6 Bxf6 17. Nd5 Qe5 18. Nxf6+ Qxf6 19. Rfe1 e5 20. Qc5 Bd7
21. Red1 Rdc8 22. Qe3 Rxc1 23. Rxc1 Bc6 24. Qb6 Qd8 25. Qc5 Qd4 26. Qxd4 exd4
27. Rd1 Rd8 28. Rd2 Kf8 29. f3 Ke7 30. Bh3 f6 31. Kf2 Rd6 32. Bf1 g5 33. Bd3
Ke6 34. Rc2 b6 35. Rc1 Ke5 36. Ke2 Ke6 37. Kd2 Kd7 38. b4 axb4 39. axb4 Kd8 40.
b5 Bb7 41. Rc4 Bc8 42. Ra4 Bb7 43. Be2 Ke7 44. Kd3 Ke6 45. Rxd4 Rxd4+ 46. Kxd4
Kd6 47. f4 gxf4 48. gxf4 Bc8 49. Bc4 Bd7 50. Be2 Bc8 51. Bd3 Bh3 52. e5+ fxe5+
53. fxe5+ Ke6 54. Bc4+ Ke7 55. Ke4 Bg4 56. Kf4 Bh3 57. Ke3 Bf5 58. h3 Bc2 59.
Kf4 Bg6 60. h4 Bh5 61. Kf5 Be8 62. Be2 Bf7 63. h5 Be8 64. e6 Kd6 65. Kf6 1-0

[Event "SR 2. liga A 2011/2012"]
[Site "?"]
[Date "2011.10.08"]
[Round "4.7"]
[White "Mackovic, Miroslav"]
[Black "Partys, Petr"]
[Result "1-0"]
[WhiteElo "1911"]
[BlackElo "2027"]
[PlyCount "83"]
[EventDate "2011.??.??"]
[WhiteTeam "Slovakia"]
[BlackTeam "Slovakia"]
[WhiteTeamCountry "SVK"]
[BlackTeamCountry "SVK"]

1. e4 c5 2. Nf3 e6 3. d4 cxd4 4. Nxd4 a6 5. Nc3 Qc7 6. f4 b5 7. a3 Bb7 8. Be2
Nc6 9. Bf3 Nxd4 10. Qxd4 Ne7 11. Qf2 Nc6 12. Be3 d6 13. Bb6 Qb8 14. O-O Be7 15.
g4 O-O 16. h4 Bd8 17. Be3 Qc7 18. Rad1 Rc8 19. Ne2 Be7 20. g5 Rfe8 21. Bg4 Bf8
22. Bb6 Qe7 23. Ng3 Ba8 24. Rd2 Qb7 25. Bf3 Rb8 26. Be3 Na5 27. b3 Rbc8 28. f5
Nc6 29. f6 Ne5 30. fxg7 Bxg7 31. Nh5 Rc3 32. Nxg7 Kxg7 33. Bd4 Rec8 34. Bg2 Kg8
35. Bxc3 Rxc3 36. Qf4 Qc7 37. Rff2 Bb7 38. h5 Qe7 39. Qf6 Qf8 40. g6 hxg6 41.
hxg6 Nxg6 42. Qxc3 1-0

[Event "SR 2. liga A 2011/2012"]
[Site "?"]
[Date "2011.10.08"]
[Round "4.8"]
[White "Koloditsova, Renata"]
[Black "Jablonicky, Martin"]
[Result "0-1"]
[WhiteElo "1839"]
[BlackElo "1757"]
[PlyCount "64"]
[EventDate "2011.??.??"]
[WhiteTeam "Slovakia"]
[BlackTeam "Slovakia"]
[WhiteTeamCountry "SVK"]
[BlackTeamCountry "SVK"]

1. d4 Nf6 2. c4 e6 3. Nf3 b6 4. g3 Bb7 5. Bg2 Be7 6. Nc3 Bb4 7. Bg5 h6 8. Bxf6
Qxf6 9. O-O Bxc3 10. bxc3 d6 11. Qa4+ Ke7 12. Qc2 Nd7 13. e4 g5 14. Rfe1 Qg6
15. Qe2 e5 16. Bh3 f6 17. Rad1 Nf8 18. Qd3 h5 19. Bf5 Qe8 20. c5 Rd8 21. cxd6+
cxd6 22. Re2 g4 $11 23. Nh4 Qa4 24. dxe5 fxe5 25. Qe3 Qxd1+ 26. Re1 Qc2 27.
Qg5+ Ke8 28. Ng6 Rh7 29. Nxf8 Rf7 30. Ne6 Rc8 31. Bg6 Qxf2+ 32. Kh1 Qxe1+ 0-1

[Event "SR 2. liga A 2011/2012"]
[Site "?"]
[Date "21.11.06"]
[Round "4.20"]
[White "Sturdik, Igor"]
[Black "Povysil, Peter"]
[Result "1/2-1/2"]
[WhiteElo "2067"]
[BlackElo "1990"]
[PlyCount "55"]
[EventDate "2011.??.??"]
[WhiteTeam "Slovakia"]
[BlackTeam "Slovakia"]
[WhiteTeamCountry "SVK"]
[BlackTeamCountry "SVK"]

1. e4 e6 2. d4 d5 3. Nc3 Nf6 4. Bg5 Be7 5. e5 Nfd7 6. Bxe7 Qxe7 7. f4 a6 8. Nf3
c5 9. Qd2 Nc6 10. O-O-O O-O 11. Be2 b5 12. dxc5 Nxc5 13. Bd3 b4 14. Ne2 Nxd3+
15. Qxd3 f6 16. Ned4 Nxd4 17. Qxd4 f5 18. h4 h5 19. Qf2 a5 20. Rh3 Bd7 21. Nd4
Rfc8 22. Rdd3 Rc4 23. b3 Rc7 24. Kd2 a4 25. Ke3 Rac8 26. Kf3 axb3 27. axb3 Qe8
28. Kg3 1/2-1/2